Tratado de paleomastozoología
Guardat en:
| Autor principal: | |
|---|---|
| Format: | Llibre |
| Idioma: | portuguès |
| Publicat: |
Río de Janeiro
Academia Brasileira de Ciencias
1979
|
| Matèries: | |
| Etiquetes: |
Afegir etiqueta
Sense etiquetes, Sigues el primer a etiquetar aquest registre!
|
MARC
| LEADER | 00000nam a2200000 a 4500 | ||
|---|---|---|---|
| 001 | UCT1599 | ||
| 003 | CL-VaPUC | ||
| 008 | 960927e19790000BL |||||||||||||||||por|d | ||
| 082 | 0 | 4 | |a 560 |b COU |2 21 |
| 100 | 0 | |a Couto, Carlos de Paula |e author |9 370549 | |
| 245 | 1 | 0 | |a Tratado de paleomastozoología |
| 300 | |a 590 p | ||
| 942 | |c BK | ||
| 945 | |d 19960927 00:00:00 |a paguirre | ||
| 260 | |a Río de Janeiro |b Academia Brasileira de Ciencias |c 1979 | ||
| 650 | 0 | |a Zoología |9 261613 | |
| 650 | 0 | |a Paleontología |9 314794 | |
| 650 | 7 | |a FOSILES |2 CL-VaPUC |9 370434 | |
| 650 | 0 | |a Animales |9 269820 | |
| 650 | 0 | |a Paleontología de los vertebrados |9 338539 | |
| 583 | |a last modification |c 19960927 00:00:00 |k Rodrigo Vera | ||
| 999 | |c 252076 |d 252074 | ||
| 952 | |0 0 |1 0 |4 0 |6 560_000000000000000_COU_1979 |7 0 |8 A |9 271684 |a BIBCUR |b BIBCUR |d 2019-11-19 |i 1753673 |l 1 |o 560 COU 1979 |p 1753673 |r 2025-04-22 |s 2025-03-07 |w 2019-11-19 |y BK |k BCB | ||